| 000 | 00569nam a2200181 i 4500 | ||
|---|---|---|---|
| 001 | 74813 | ||
| 003 | ES-MaACL | ||
| 005 | 20230906172244.0 | ||
| 007 | t| | ||
| 008 | 040921q19001920fr ||||1| fre d | ||
| 080 | _a821.133.1-34"18" | ||
| 100 | 1 |
_aGourmont, Rémy de ( _d1858-1916) _959362 |
|
| 245 | 1 | 0 |
_aCouleurs _b: contes nouveaux suivis de choses anciennes / _cRemy de Gourmont. |
| 250 | _a8eme ed. | ||
| 260 |
_aParís : _bMercure de France, _c[19--?] ( _ePoitiers : _fSoc. Française d'Imprimerie) |
||
| 300 |
_a244 p. ; _c19 cm. |
||
| 852 |
_aES-MaACL _jF-12359 |
||
| 999 |
_c74813 _d74813 |
||